Muerte y vida de las grandes ciudades (Registro nro. 166580)

Detalles MARC
000 -ENCABEZADO
Número de control [NR] 01136nam a22002897a 4500
008 - DE LONGITUD FIJA DE DATOS DE ELEMENTOS - INFORMACIÓN GENERAL
Elementos de longitud fija [NR] 130606s2011 sp d frn 000 0dspa
020 ## - NUMERO INTERNACIONAL NORMALIZADO PARA LIBROS [R]
Número Internacional Normalizado del libro [NR] 9788493898502
040 ## - FUENTE DE CATALOGACION [NR]
Agencia de catalogación original [NR] CO-BoUCM
Idioma de catalogación [NR] spa
Quien Cataloga
Quien Clasifica Aldemar Mondragón
041 00 - CODIGO DE IDIOMA [R]
Código de idioma para texto/pista de sonido o título separado [R] Español
100 1# - ASIENTO PRINCIPAL--NOMBRE PERSONAL [NR]
Nombre personal [NR] Jacobs, Jane
Fechas asociadas con el nombre [NR] 1916-2006
ID Autoridad 38811
245 10 - MENCION DE TITULO [NR]
Título [NR] Muerte y vida de las grandes ciudades
Mención de responsabilidad, etc. [NR] Jane Jacobs ; presentado por Zaida Muxí, Blanca G. Valdivia, Manuel Delgado ; traducido por Ángel Abad, Ana Useros
260 ## - PUBLICACION, DISTRIBUCION, ETC. (PIE DE IMPRENTA) [R]
Lugar de publicación, distribución, etc. [R] Madrid
Nombre del editor, distribuidor, etc. [R] Capitán Swing Libros
Fecha de publicación, distribución, etc. [R] 2011
300 ## - DESCRIPCION FISICA [R]
Extensión [R] 487 páginas
490 0# - MENCION DE SERIE [R]
Mención de serie [R] Entrelíneas
650 #7 - ASIENTO SECUNDARIO DE MATERIA - TERMINO TEMATICO [R]
Término temático o nombre geográfico como elemento de entrada [NR] Ciudades y pueblos
9 (RLIN) 10961
650 #7 - ASIENTO SECUNDARIO DE MATERIA - TERMINO TEMATICO [R]
Término temático o nombre geográfico como elemento de entrada [NR] Rehabilitación urbana
Subdivisión geográfica [R] Estados Unidos
9 (RLIN) 38812
650 #7 - ASIENTO SECUNDARIO DE MATERIA - TERMINO TEMATICO [R]
Término temático o nombre geográfico como elemento de entrada [NR] Urbanismo
Subdivisión general [R] Aspectos sociales
Subdivisión geográfica [R] Estados Unidos
9 (RLIN) 38813
690 ## - ASUNTO AGREGADO LOCAL DE ENTRADA - TÉRMINO TEMÁTICO (OCLC, RLIN)
Acceso temático local Sociología
9 (RLIN) 386
700 1# - ASIENTO SECUNDARIO - NOMBRE PERSONAL [R]
Nombre personal [NR] Abad, Ángel
Término de relación [R] traductor
9 (RLIN) 86009
700 1# - ASIENTO SECUNDARIO - NOMBRE PERSONAL [R]
Nombre personal [NR] Delgado, Manuel
9 (RLIN) 38816
700 1# - ASIENTO SECUNDARIO - NOMBRE PERSONAL [R]
Nombre personal [NR] Muxí, Zaida
9 (RLIN) 38814
700 1# - ASIENTO SECUNDARIO - NOMBRE PERSONAL [R]
Nombre personal [NR] Useros, Ana
Término de relación [R] traductor
9 (RLIN) 38818
700 1# - ASIENTO SECUNDARIO - NOMBRE PERSONAL [R]
Nombre personal [NR] Valdivia, Blanca G.
9 (RLIN) 38815
765 ## - ASIENTO DE IDIOMA ORIGINAL [R]
Título [NR] The death and life of great American cities
942 ## - ELEMENTOS DE ENTRADA AGREGADOS (KOHA)
Sistema de clasificación DEWEY
Tema principal Sociología
Tipo de ítem principal el descrito en 300a Libro
Edición 2
Parte restante de la signatura top. J171m
Clasificación 307.760973
Existencias
Fecha de último préstamo Total préstamos Total Renewals Signatura topográfica Código de barras Última vez visto Ejemplar Costo de reposición Price effective from Tipo de ítem Perdido Sistema de clasificación Dañado No prestable Tipo de ítem específico Suprimido Ubicación habitual Ubicación actual Localización Fecha de creación Proveedor Forma de adquisición Costo
07/05/2026 27 13 307.760973 J171m 100132368 27/05/2026 Ej.2 157788.00 06/06/2013 Libro   DEWEY     Libro   Claustro Claustro 2do piso 06/06/2013 19 Compra 157788.00
      307.760973 J171m 100132367 10/12/2025 Ej.1 157788.00 06/06/2013 Libro de reserva   DEWEY     Libro de reserva   Claustro Claustro 2do piso 06/06/2013 19 Compra 157788.00